[Event "Munich"]
[Site "Munich"]
[Date "1991.??.??"]
[Round "8"]
[White "Wahls, Matthias"]
[Black "Yudasin, Leonid"]
[Result "0-1"]
[WhiteElo "2560"]
[BlackElo "2645"]

1.e4 c5 2.Nf3 d6 3.d4 cxd4 4.Nxd4 Nf6 5.Nc3 a6 6.Be2 e6 7.O-O Be7 8.f4 O-O
9.Bf3 Qc7 10.Be3 Nc6 11.Nxc6 bxc6 12.Na4 Bb7 13.c4 c5 14.Nc3 Nd7 15.Qd2 Nb8
16.Rad1 Nc6 17.Kh1 Rfd8 18.Qf2 Rab8 19.b3 Qa5 20.Rc1 Ba8 21.Rfd1 Bf6 22.e5 dxe5
23.Ne4 Be7 24.Bxc5 Bxc5 25.Nxc5 Nd4 26.Nd3 e4 27.Ne5 exf3 28.Rxd4 Rxd4 29.Qxd4 Rd8
30.Qa7 Qd2  0-1

[Event "Munich"]
[Site "Munich"]
[Date "1991.??.??"]
[Round "10"]
[White "Hort, Vlastimil"]
[Black "Yudasin, Leonid"]
[Result "1/2-1/2"]
[WhiteElo "2540"]
[BlackElo "2645"]

1.d4 Nf6 2.Nf3 e6 3.e3 c5 4.c4 g6 5.Nc3 Bg7 6.b3 O-O 7.Be2 Na6 8.O-O b6 9.Bb2 Bb7
10.dxc5 Nxc5 11.b4 Nfe4 12.Rc1 Nxc3 13.Bxc3 Bxc3 14.Rxc3 Ne4 15.Rd3 d5 16.Nd2 Nf6
17.cxd5 Ba6 18.Rb3 Bxe2 19.Qxe2 Qxd5 20.e4 Qd4 21.e5 Nd5 22.Nf3 Qg4 23.Qd2 Rac8
24.Qh6 Nf4 25.g3 Ne2+ 26.Kg2 Nd4 27.Ng5 Qh5 28.Qxh5 gxh5 29.Rd3 Nc6 30.Rd7 Nxe5
31.Rxa7 Ra8 32.Rxa8 Rxa8 33.Re1 Nd3 34.Rd1 Nxb4 35.Rd7 Rf8  1/2-1/2

[Event "Munich"]
[Site "Munich"]
[Date "1991.??.??"]
[Round "12"]
[White "Christiansen, Larry Mark"]
[Black "Yudasin, Leonid"]
[Result "1/2-1/2"]
[WhiteElo "2590"]
[BlackElo "2645"]

1.d4 Nf6 2.c4 e6 3.Nf3 b6 4.a3 Bb7 5.Nc3 d5 6.cxd5 exd5 7.Bf4 Bd6 8.Bg3 O-O
9.e3 c5 10.Be2 Qe7 11.Bxd6 Qxd6 12.O-O Nbd7 13.Rc1 Rac8 14.Qa4 a5 15.Bb5  1/2-1/2

[Event "Munich"]
[Site "Munich"]
[Date "1991.??.??"]
[Round "13"]
[White "Yudasin, Leonid"]
[Black "Nunn, John DM"]
[Result "1/2-1/2"]
[WhiteElo "2645"]
[BlackElo "2600"]

1.d4 Nf6 2.Nf3 g6 3.c3 Bg7 4.Bf4 d6 5.h3 O-O 6.e3 Nbd7 7.Be2 Qe8 8.Bh2 e5
9.O-O Qe7 10.a4 Ne4 11.Nbd2 Nxd2 12.Qxd2  1/2-1/2

[Event "New York op"]
[Site "New York"]
[Date "1991.??.??"]
[Round "3"]
[White "Birmingham, Eric"]
[Black "Yudasin, Leonid"]
[Result "1/2-1/2"]
[WhiteElo "2355"]
[BlackElo "2645"]

1.e4 c5 2.Nc3 Nc6 3.g3 g6 4.Bg2 Bg7 5.d3 e6 6.Be3 Nd4 7.Nce2 Ne7 8.c3 Nxe2
9.Nxe2 b6 10.d4 cxd4 11.Bxd4 e5 12.Be3 Bb7 13.c4 Nf5 14.Qd2 Rc8 15.b3 Nxe3
16.Qxe3 f5 17.Rd1 O-O 18.O-O f4 19.Qd3 Rf7 20.Bh3 Qg5 21.Qf3 Bc6 22.Qg4 Qe7
23.Nc3 Rcf8 24.Nd5 Qc5 25.Qe2 b5 26.Rc1 Bh6 27.b4 f3 28.Qd1 Qd4 29.Qxd4 exd4
30.Rcd1 bxc4 31.Rxd4 Bg7 32.Rdd1 c3 33.Rc1 Bb5 34.Rfe1 Bh6 35.Ne3 Rc8 36.Bf1 Bxf1
37.Kxf1 Re7 38.Nd5 Re6 39.Nf4 Rd6 40.Rc2 Rd2 41.Rec1 Rxc2 42.Rxc2 Rc4 43.Nd3 Bd2
44.Ne5 Rxe4 45.Nxf3 Rxb4 46.Nxd2 cxd2 47.Rxd2 Rb7 48.Ke2 Kf7 49.f4 Ke6 50.Ke3 d5
51.Rc2 Kd6 52.Kd3 Rb4 53.Rf2 Ra4 54.g4 Ke6 55.Ke3 h5 56.gxh5 gxh5 57.Rg2 Kd6
58.Rg6+ Kc5 59.f5 Ra3+ 60.Kf4 Rxa2 61.f6 Rf2+ 62.Ke5 d4 63.Rg7 Re2+ 64.Kf4 Rf2+
65.Ke5 Re2+ 66.Kf4 d3 67.Rxa7  1/2-1/2

[Event "New York op"]
[Site "New York"]
[Date "1991.??.??"]
[Round "5"]
[White "Sherzer, Alex"]
[Black "Yudasin, Leonid"]
[Result "0-1"]
[WhiteElo "2435"]
[BlackElo "2645"]

1.e4 c5 2.Nf3 d6 3.d4 cxd4 4.Nxd4 Nf6 5.Nc3 a6 6.a4 e6 7.Be2 Be7 8.O-O Qc7
9.Kh1 O-O 10.f4 Rd8 11.Be3 b6 12.Bf3 Bb7 13.Qe1 Nbd7 14.Qg3 Nc5 15.e5 Nfe4
16.Nxe4 Nxe4 17.Bxe4 Bxe4 18.f5 dxe5 19.Bh6 Bf8 20.fxe6 f6 21.Rxf6 Bg6 22.Nf5 gxf6
23.e7 Qxc2 24.exf8=Q+ Rxf8 25.Ne7+ Kf7 26.Nxg6 hxg6 27.Rc1 Rfd8 28.Qf3 Qd3
29.Rc7+ Kg8 30.Qxd3 Rxd3 31.h4 Rd6 32.Kh2 f5 33.g4 Re8 34.h5 gxh5 35.g5 Rde6
36.Kg3 R8e7 37.Rc8+ Kh7 38.Kh4 e4 39.Bf8 e3  0-1

[Event "New York op"]
[Site "New York"]
[Date "1991.??.??"]
[Round "6"]
[White "Yudasin, Leonid"]
[Black "Wolff, Patrick G"]
[Result "1/2-1/2"]
[WhiteElo "2645"]
[BlackElo "2520"]

1.e4 c5 2.Nf3 Nc6 3.d4 cxd4 4.Nxd4 Nf6 5.Nc3 d6 6.Bc4 e6 7.Be3 Be7 8.Qe2 a6
9.O-O-O Qc7 10.Bb3 Na5 11.g4 b5 12.g5 Nxb3+ 13.axb3 Nd7 14.Nf5 exf5 15.Nd5 Qd8
16.exf5 Bb7 17.Rhe1 Bxd5 18.Rxd5 O-O 19.f6 Nxf6  1/2-1/2

[Event "New York op"]
[Site "New York"]
[Date "1991.??.??"]
[Round "7"]
[White "Wojtkiewicz, Aleksander"]
[Black "Yudasin, Leonid"]
[Result "1/2-1/2"]
[WhiteElo "2540"]
[BlackElo "2645"]

1.Nf3 c5 2.c4 Nc6 3.Nc3 Nf6 4.g3 d5 5.d4 dxc4 6.d5 Nb4 7.e4 Bg4 8.Bxc4 Bxf3
9.Qxf3 Nc2+ 10.Kf1 Nxa1 11.e5 a6 12.exf6 Nc2 13.d6 e6 14.Qxb7 Qb8 15.Qc6+ Kd8
16.Bxe6 Ra7 17.fxg7 Bxg7 18.Bg5+ f6 19.Qxc5 Nd4 20.Bh3 fxg5 21.Qxg5+ Ke8
22.d7+ Kf7 23.Qd5+ Ke7 24.Qc5+ Kf7 25.Qd5+  1/2-1/2

[Event "Pamplona"]
[Site "Pamplona"]
[Date "1991.??.??"]
[Round "1"]
[White "Yudasin, Leonid"]
[Black "Ehlvest, Jaan"]
[Result "1-0"]
[WhiteElo "2595"]
[BlackElo "2605"]

1.e4 c5 2.Nf3 d6 3.d4 cxd4 4.Nxd4 Nf6 5.Nc3 a6 6.Bg5 e6 7.f4 Qc7 8.Qf3 b5
9.f5 Nc6 10.Nxc6 Qxc6 11.fxe6 fxe6 12.Bxf6 gxf6 13.Qxf6 Rg8 14.Be2 Be7 15.Qd4 Rb8
16.Bh5+ Kd7 17.Bf3 Qb6 18.Qd3 Qc5 19.O-O-O Qe5 20.Ne2 Bb7 21.Kb1 a5 22.Nc1 b4
23.Qe3 Bg5 24.Qa7 Rgc8 25.Nd3 Qb5 26.Qd4 Be7 27.Bg4 Qg5 28.h4 Qg8 29.Bh3 Ke8
30.e5 d5 31.Nf4 Qg3 32.Nxe6 Rc4 33.Qd2 Rbc8 34.Nd4  1-0

[Event "Pamplona"]
[Site "Pamplona"]
[Date "1991.??.??"]
[Round "2"]
[White "Illescas Cordoba, Miguel"]
[Black "Yudasin, Leonid"]
[Result "1/2-1/2"]
[WhiteElo "2545"]
[BlackElo "2595"]

1.Nf3 Nf6 2.c4 c5 3.Nc3 e6 4.g3 b6 5.Bg2 Bb7 6.O-O d6 7.d4 cxd4 8.Qxd4 a6
9.Rd1 Be7 10.Bg5 Nbd7 11.Qd2 Rc8 12.Bf4 Rxc4 13.Bxd6 Rc8 14.Ng5 Bxg2 15.Kxg2 O-O
16.Bxe7 Qxe7 17.Qd6 Qxd6 18.Rxd6 Rc7 19.Rad1 Rb8 20.f4 h6 21.Nf3 Kf8 22.e4 Nc5
23.R6d4 Ke7 24.e5 Ng4 25.Re1 h5 26.Ng5 b5 27.Rd2 Rbc8 28.h3 Nh6 29.Kf3 b4
30.Nce4 Nxe4 31.Nxe4 Rc2 32.Red1 Rxd2 33.Rxd2 Rc1 34.Rd6 a5 35.Ra6 Rc2 36.Rxa5 Rxb2
37.Ra7+ Kf8 38.Ra8+ Ke7 39.Ra7+ Ke8 40.Nc5 Nf5 41.Ra8+ Ke7 42.Ra7+ Kf8 43.g4 hxg4+
44.hxg4 Nd4+ 45.Ke3 Nb5 46.Rb7 Nc3 47.Rb8+ Ke7 48.Rb7+ Ke8 49.Rb8+ Ke7 50.Rb7+ Ke8
51.Rb8+  1/2-1/2

[Event "Pamplona"]
[Site "Pamplona"]
[Date "1991.??.??"]
[Round "3"]
[White "Yudasin, Leonid"]
[Black "Chernin, Alexander"]
[Result "1-0"]
[WhiteElo "2595"]
[BlackElo "2605"]

1.e4 d6 2.d4 Nf6 3.Nc3 g6 4.Be3 c6 5.f3 Nbd7 6.g4 Qb6 7.Qc1 Bg7 8.Nge2 a6
9.h4 c5 10.h5 Rg8 11.a3 Qc6 12.Bg2 b6 13.Qd2 Bb7 14.Rg1 Qc7 15.h6 Bh8 16.g5 Nh5
17.O-O-O cxd4 18.Bxd4 Bxd4 19.Qxd4 Qc5 20.f4 Qxd4 21.Rxd4 Nc5 22.Nd5 Rc8
23.Kb1 b5 24.Bf3 Ne6 25.Rb4 Bc6 26.f5 a5 27.Rb3 Nc5 28.Re3 Kd8 29.Nd4 e6
30.Bxh5 exd5 31.fxg6 fxg6 32.Bg4 Bd7 33.exd5 Re8 34.Rxe8+ Kxe8 35.Re1+ Kf7
36.Bxd7 Nxd7 37.Nxb5  1-0

[Event "Pamplona"]
[Site "Pamplona"]
[Date "1991.??.??"]
[Round "4"]
[White "Polgar, Zsuzsa"]
[Black "Yudasin, Leonid"]
[Result "1-0"]
[WhiteElo "2535"]
[BlackElo "2595"]

1.d4 Nf6 2.c4 e6 3.Nf3 c5 4.d5 exd5 5.cxd5 d6 6.Nc3 g6 7.h3 Bg7 8.e4 O-O
9.Bd3 a6 10.a4 Nh5 11.O-O Nd7 12.Be3 Re8 13.Re1 Ne5 14.Be2 Nxf3+ 15.Bxf3 Nf6
16.Bf4 Nd7 17.Bxd6 Qb6 18.e5 Nxe5 19.Bxe5 Bxe5 20.a5 Qd8 21.d6 Re6 22.Qb3 Qxd6
23.Bd5 Re7 24.Ne4 Qc7 25.Ng5 Bf6 26.Rxe7 Qxe7 27.Nxf7 Kg7 28.Qb6 Rb8 29.Nd6 Bxh3
30.Ne4 Rd8 31.Bxb7 Bc8 32.Bxc8 Qxe4 33.Bxa6 Qc2 34.Rf1 Qxb2 35.Qc7+ Kh6 36.Bb7 Qd4
37.a6 c4 38.g3 Rd7 39.Qc8 Rd8 40.Qc7 Rd7 41.Qb8 Qb6 42.Qf8+ Kg5 43.Kg2 Rxb7
44.f4+  1-0

[Event "Pamplona"]
[Site "Pamplona"]
[Date "1991.??.??"]
[Round "6"]
[White "Yudasin, Leonid"]
[Black "Fernandez Garcia, Jose L"]
[Result "1-0"]
[WhiteElo "2595"]
[BlackElo "2470"]

1.e4 e5 2.Nf3 Nc6 3.Bc4 Nf6 4.d3 h6 5.O-O d6 6.c3 g6 7.Bb3 Bg7 8.Re1 O-O
9.Nbd2 Na5 10.Bc2 c5 11.d4 cxd4 12.cxd4 exd4 13.Nxd4 Bg4 14.N2f3 Rc8 15.h3 Bxf3
16.Nxf3 Re8 17.Rb1 Nc6 18.Bd2 d5 19.exd5 Rxe1+ 20.Qxe1 Qxd5 21.Bb3 Qe4 22.Qf1 Rd8
23.Re1 Qd3 24.Re2 Ne4 25.Be3 Re8 26.Bf4 Qd7 27.Qc1 Kh7 28.Qc4 Nd6 29.Rd2 Nxc4
30.Rxd7 Re4 31.g3 b5 32.Rxf7 Re7 33.Rxe7 Nxe7 34.Bxc4 bxc4 35.Nd2 c3 36.bxc3 Bxc3
37.Ne4 Bb2 38.Kf1 Nd5 39.Bd2 g5 40.Ke2 Kg6 41.Kd3 Kf5 42.Nd6+ Ke6 43.Nb5 a6
44.Nd4+ Kf6 45.Nc6 Be5 46.Nxe5 Kxe5 47.f3 Ke6 48.Ke4 Nf6+ 49.Kd4 Nh5 50.g4 Nf6
51.a4 Nd7 52.f4 gxf4 53.Bxf4 h5 54.gxh5 Kf5 55.Bc1  1-0

[Event "Pamplona"]
[Site "Pamplona"]
[Date "1991.??.??"]
[Round "7"]
[White "De la Villa Garcia, Jesus Maria"]
[Black "Yudasin, Leonid"]
[Result "0-1"]
[WhiteElo "2470"]
[BlackElo "2595"]

1.e4 c5 2.Nf3 e6 3.d4 cxd4 4.Nxd4 Nc6 5.Nc3 d6 6.Be3 a6 7.Qd2 Bd7 8.f3 Nge7
9.Nb3 Nc8 10.a4 Be7 11.Be2 O-O 12.O-O Qc7 13.f4 b6 14.Rad1 Rd8 15.Kh1 Be8
16.f5 Bf6 17.Bg5 Qe7 18.Bxf6 Qxf6 19.Bc4 Ne5 20.fxe6 Nxc4 21.Qe2 Qxe6 22.Nd4 Qd7
23.Qxc4 Ne7 24.Nf5 b5 25.axb5 axb5 26.Qd4 Nxf5 27.Rxf5 Qe6 28.Nd5 Ra4 29.b4 h6
30.Qb6 Rc8 31.Rdf1 Rxc2 32.Ne3 Rd2 33.Qb7 Rxb4 34.R5f4 Re2 35.Nd5 Rbxe4  0-1

[Event "Podolsk"]
[Site "Podolsk"]
[Date "1991.??.??"]
[Round "?"]
[White "Yudasin, Leonid"]
[Black "Touzane, Olivier"]
[Result "1-0"]
[WhiteElo "2595"]
[BlackElo "2250"]

1.e4 e6 2.d4 d5 3.Nc3 Nf6 4.e5 Nfd7 5.f4 c5 6.Nf3 Nc6 7.Be3 a6 8.Qd2 cxd4
9.Nxd4 Bc5 10.O-O-O O-O 11.h4 Bxd4 12.Bxd4 b5 13.Kb1 Qa5 14.h5 b4 15.Ne2 Nc5
16.g4 Ne4 17.Qe3 Nxd4 18.Nxd4 Qc7 19.g5 Rb8 20.Bg2 a5 21.Bxe4 dxe4 22.Rhe1 Bb7
23.Nb5 Qc6 24.Nd6 Rfd8 25.g6 fxg6 26.hxg6 h6 27.f5 exf5 28.Qb3+  1-0

[Event "Podolsk"]
[Site "Podolsk"]
[Date "1991.??.??"]
[Round "?"]
[White "Yudasin, Leonid"]
[Black "Terterians, Vladimir"]
[Result "1-0"]
[WhiteElo "2595"]
[BlackElo "2395"]

1.e4 e5 2.Nf3 Nc6 3.Bb5 a6 4.Ba4 Nf6 5.O-O Be7 6.Re1 b5 7.Bb3 d6 8.c3 O-O
9.h3 Nb8 10.d4 Nbd7 11.Nbd2 Bb7 12.Bc2 c5 13.Nf1 d5 14.dxe5 Nxe4 15.Ne3 Nb6
16.Nxd5 Bxd5 17.Bxe4 Bxe4 18.Qxd8 Raxd8 19.Rxe4 Rd1+ 20.Re1 Rxe1+ 21.Nxe1 Nc4
22.f4 Rd8 23.Kf2 Nxb2 24.Ke2 Na4 25.Bd2 c4 26.Rc1 Ba3 27.Rc2 Bb2 28.Nf3 Rd3
29.Ne1 Rd5 30.Ke3 g6 31.g4 a5 32.h4 Kf8 33.h5 gxh5 34.gxh5 f5 35.Ke2 Kg7
36.Nf3 Kh6 37.Nd4 Kxh5 38.Nxf5 Rd3 39.Nd6 Nxc3+ 40.Bxc3 Bxc3 41.Nxb5 Bb4
42.a3 Bxa3 43.Rxc4 Rb3 44.Nxa3 Rxa3 45.f5 Kg5 46.f6 Rb3 47.f7 Rb8 48.Rg4+ Kxg4
49.e6 Rf8 50.e7 Rxf7 51.e8=Q Rg7 52.Qf8 Rg6 53.Qf7 Rh6 54.Qg7+  1-0

[Event "Podolsk"]
[Site "Podolsk"]
[Date "1991.??.??"]
[Round "?"]
[White "Yudasin, Leonid"]
[Black "Poldauf, Dirk"]
[Result "1-0"]
[WhiteElo "2595"]
[BlackElo "2385"]

1.e4 e6 2.d4 d5 3.Nc3 Bb4 4.e5 c5 5.a3 Bxc3+ 6.bxc3 Ne7 7.Qg4 Qc7 8.Qxg7 Rg8
9.Qxh7 cxd4 10.Ne2 Nbc6 11.f4 Bd7 12.Qd3 dxc3 13.Qxc3 O-O-O 14.Bd2 Nf5 15.Rb1 d4
16.Qc5 b6 17.Qc4 Kb8 18.Rg1 Bc8 19.g4 Ne3 20.Bxe3 dxe3 21.Rb3 Bb7 22.Rxe3 Rd5
23.Rgg3 Rc5 24.Qd3 Rd8 25.Qh7 Na5 26.Rc3 Nc4 27.Rgd3 Nb2 28.Rxd8+ Qxd8 29.Rxc5 bxc5
30.Qxf7 Qd1+ 31.Kf2 Qxc2 32.Qf8+ Kc7 33.Qd6+ Kc8 34.Qxe6+ Kc7 35.Qd6+ Kc8
36.e6 Nd3+ 37.Kg3 Qd2 38.Qd7+ Kb8 39.Qd8+ Bc8 40.Qd6+  1-0

[Event "Podolsk"]
[Site "Podolsk"]
[Date "1991.??.??"]
[Round "?"]
[White "Yudasin, Leonid"]
[Black "Nikolaev, Sergej"]
[Result "1-0"]
[WhiteElo "2595"]
[BlackElo "2430"]

1.e4 c5 2.Nf3 e6 3.d4 cxd4 4.Nxd4 a6 5.Bd3 Bc5 6.Nb3 Ba7 7.Qe2 Nc6 8.Be3 Nf6
9.Nc3 d6 10.Bxa7 Rxa7 11.f4 e5 12.f5 b5 13.O-O-O O-O 14.g4 Nd4 15.Qg2 b4
16.Ne2 Nxe2+ 17.Bxe2 a5 18.Nd2 Ba6 19.g5 Nd7 20.Bxa6 Rxa6 21.Nc4 a4 22.Kb1 Qc7
23.Ne3 b3 24.cxb3 axb3 25.a3 Nc5 26.Nd5 Qb7 27.Rhe1 Ra4 28.Nf6+ Kh8 29.Nxh7  1-0

[Event "Podolsk"]
[Site "Podolsk"]
[Date "1991.??.??"]
[Round "?"]
[White "Savon, Vladimir A"]
[Black "Yudasin, Leonid"]
[Result "1/2-1/2"]
[WhiteElo "2460"]
[BlackElo "2595"]

1.e4 c5 2.Nf3 d6 3.d4 cxd4 4.Nxd4 Nf6 5.Nc3 a6 6.Bg5 e6 7.f4 Qc7 8.Bxf6 gxf6
9.Qd2 Nc6 10.O-O-O Bd7 11.Be2 h5 12.Kb1 O-O-O 13.Rhf1 Kb8 14.Nb3 Be7 15.Rf3 Na5
16.Rh3 Nxb3 17.axb3 h4 18.Qe1 d5 19.exd5 Qxf4 20.Qg1 Be8 21.Rhd3 f5 22.Na4 Rxd5
23.Rxd5 exd5 24.Nc3 d4 25.Nd5 Qe5 26.Qxd4 Qxd4  1/2-1/2

[Event "Podolsk"]
[Site "Podolsk"]
[Date "1991.??.??"]
[Round "?"]
[White "Murrey, Jacob"]
[Black "Yudasin, Leonid"]
[Result "1/2-1/2"]
[WhiteElo "2450"]
[BlackElo "2595"]

1.e4 c5 2.Nf3 d6 3.d4 cxd4 4.Nxd4 Nf6 5.Nc3 a6 6.Bg5 e6 7.f4 Qc7 8.Qf3 b5
9.f5 b4 10.Ncb5 axb5 11.fxe6 Be7 12.e5 dxe5 13.Bxf6 gxf6 14.Bxb5+ Kf8 15.Nf5 Bxe6
16.Nxe7 Ra5 17.Qxf6 Rxb5 18.Rf1 Qxc2 19.Qxe6 Qe4+ 20.Kd2 Qd4+ 21.Ke2 Qxb2+
22.Ke3 Qc3+ 23.Ke2 Qc2+ 24.Ke1 Qe4+ 25.Kd2  1/2-1/2

[Event "Podolsk"]
[Site "Podolsk"]
[Date "1991.??.??"]
[Round "?"]
[White "Zaitsev, Igor A"]
[Black "Yudasin, Leonid"]
[Result "0-1"]
[WhiteElo "2405"]
[BlackElo "2595"]

1.e4 c5 2.Nf3 d6 3.d4 cxd4 4.Qxd4 Nc6 5.Bb5 Bd7 6.Bxc6 Bxc6 7.Nc3 Nf6 8.Bg5 e6
9.O-O-O Be7 10.Qd3 Qa5 11.Bh4 O-O 12.Nd4 Rfc8 13.f4 b5 14.e5 dxe5 15.fxe5 Nd5
16.Nxc6 Rxc6 17.Bxe7 Nxe7 18.Qf3 b4 19.Rd7 Rf8 20.Rxe7 bxc3 21.Qxc6 Qxa2
22.bxc3 Qa3+ 23.Kb1 Qxe7 24.Ka2 Qd8 25.Qd6 Qa5+ 26.Kb2 Rd8 27.Ra1 Qxa1+ 28.Kxa1 Rxd6
29.exd6 Kf8 30.c4 Ke8 31.Kb2 Kd7 32.c5 e5 33.Kb3 f5 34.Kb4 e4 35.Kc4 e3  0-1

[Event "Beersheba-B"]
[Site "Beersheba"]
[Date "1992.??.??"]
[Round "1"]
[White "Yudasin, Leonid"]
[Black "Vydeslaver, Alik"]
[Result "1-0"]
[WhiteElo "2580"]
[BlackElo "2340"]

1.e4 g6 2.d4 Bg7 3.Nc3 d5 4.exd5 Nf6 5.Bc4 O-O 6.Nge2 Nbd7 7.Bb3 Nb6 8.Nf4 a5
9.a4 Bf5 10.O-O h6 11.Re1 Qd7 12.h3 g5 13.Nh5 Nxh5 14.Qxh5 Bg6 15.Qd1 Rad8
16.f4 gxf4 17.Bxf4 c6 18.dxc6 Bxd4+ 19.Kh1 Qxc6 20.Qg4 h5 21.Qg3 Nc4 22.Rxe7 Rc8
23.Rae1 Bg7 24.R1e6 Qc5 25.Ne4 Qf5 26.Nd6 Nxd6 27.Rxg6 Ne4 28.Rxg7+ Kh8 29.Rxe4 Qxe4
30.Qg5  1-0

[Event "Beersheba-B"]
[Site "Beersheba"]
[Date "1992.??.??"]
[Round "2"]
[White "Kagan, Igor"]
[Black "Yudasin, Leonid"]
[Result "0-1"]
[WhiteElo "2380"]
[BlackElo "2580"]

1.c4 Nf6 2.Nc3 c5 3.Nf3 e6 4.g3 b6 5.Bg2 Bb7 6.O-O Be7 7.Re1 d6 8.e4 a6 9.d4 cxd4
10.Nxd4 Qc7 11.Be3 Nbd7 12.Rc1 O-O 13.h3 Rac8 14.g4 Nc5 15.Qc2 g6 16.Qb1 Qb8
17.Nde2 Rfd8 18.Ng3 Ncd7 19.g5 Ne8 20.Nce2 Ng7 21.Red1 Ba8 22.Nd4 e5 23.Nde2 Ne6
24.h4 h6 25.Bh3 Ndf8 26.Nf5 gxf5 27.exf5 Qb7 28.Kh2 Nf4 29.Nxf4 exf4 30.Bd4 Nd7
31.f6 Bf8 32.Rg1 Qe4 33.g6 Qxb1 34.Rxb1 fxg6 35.Be6+ Kh7 36.Rxg6 Be4 37.Bg8+ Kh8
38.Rbg1 Bxg6 39.Rxg6 Ne5 40.Bxe5 dxe5 41.Be6 Rc6  0-1

[Event "Beersheba-B"]
[Site "Beersheba"]
[Date "1992.??.??"]
[Round "3"]
[White "Yudasin, Leonid"]
[Black "Mikhalevski, Victor"]
[Result "1-0"]
[WhiteElo "2580"]
[BlackElo "2370"]

1.e4 e5 2.Nf3 Nc6 3.Bb5 a6 4.Ba4 Nf6 5.O-O Nxe4 6.d4 b5 7.Bb3 d5 8.dxe5 Be6
9.c3 Bc5 10.Qe2 O-O 11.Be3 f6 12.exf6 Qxf6 13.Nbd2 Bd6 14.Rfe1 Rae8 15.a4 Ne5
16.axb5 Nxd2 17.Nxd2 Ng4 18.Nf1 axb5 19.Bd4 Qh4 20.g3 Qh3 21.Qxb5 Rb8 22.Qe2 Bf7
23.Bc2 c5 24.Bf5 h5 25.Be3 g6 26.Ra6 Rbd8 27.Bxg4 hxg4 28.Qd3 d4 29.cxd4 c4
30.Qe4 Qh5 31.Bf4 Bd5 32.Qc2 Bxf4 33.gxf4 Rf5 34.Re5 Qh3  1-0

[Event "Beersheba-B"]
[Site "Beersheba"]
[Date "1992.??.??"]
[Round "4"]
[White "Ofek, Ram"]
[Black "Yudasin, Leonid"]
[Result "0-1"]
[WhiteElo "2305"]
[BlackElo "2580"]

1.e4 c5 2.Nf3 d6 3.d4 cxd4 4.Nxd4 Nf6 5.Nc3 a6 6.f4 e6 7.Qf3 Qb6 8.Nb3 Qc7
9.a4 b6 10.Bd3 Bb7 11.O-O Be7 12.Bd2 Nc6 13.Rae1 Nb4 14.Qg3 g6 15.Be3 Rc8
16.Bd4 Nc6 17.Bf2 O-O 18.Qh3 Rce8 19.g4 Kh8 20.g5 Nh5 21.Be3 Nb4 22.Nd2 d5
23.Bd4+ f6 24.gxf6 Bxf6 25.Qe3 Qg7 26.e5 Bh4 27.Rc1 Nc6 28.Ne2 g5 29.f5 exf5
30.Nf3 Nf4 31.Kh1 Ne6 32.c3 f4 33.Qg1 Qh6 34.Qg4 Bc8 35.Qg2 g4 36.Nxh4 Qxh4
37.Qf2 g3 38.Qg1 Nexd4 39.cxd4 Nb4 40.Bb1 Qh6 41.Rc7 Bh3  0-1

[Event "Beersheba-B"]
[Site "Beersheba"]
[Date "1992.??.??"]
[Round "6"]
[White "Lederer, Yoav"]
[Black "Yudasin, Leonid"]
[Result "0-1"]
[WhiteElo "2245"]
[BlackElo "2580"]

1.e4 c5 2.Nf3 d6 3.d4 cxd4 4.Nxd4 Nf6 5.Nc3 Nc6 6.Be3 Ng4 7.Bb5 Nxe3 8.Nxc6 Nxd1
9.Nxd8+ Kxd8 10.Rxd1 e6 11.e5 a6 12.Bd3 Kc7 13.Ne4 dxe5 14.Ng5 f6 15.Nf7 Bb4+
16.c3 Rf8 17.cxb4 Rxf7 18.Bxh7 Bd7 19.Be4 f5 20.Bc2 Bc6 21.Bb3 Rf6 22.f3 e4
23.Kf2 Rh8 24.Bc2 exf3 25.gxf3 Rh3 26.Rd3 Rfh6 27.Bb3 e5 28.Bd5 Rxh2+ 29.Rxh2 Rxh2+
30.Kg3 Rxb2 31.Bb3 g5 32.a3 Bd7  0-1

[Event "Beersheba-B"]
[Site "Beersheba"]
[Date "1992.??.??"]
[Round "7"]
[White "Vydeslaver, Alik"]
[Black "Yudasin, Leonid"]
[Result "0-1"]
[WhiteElo "2340"]
[BlackElo "2580"]

1.Nf3 Nf6 2.g3 d5 3.Bg2 c6 4.O-O Bf5 5.d3 e6 6.b3 h6 7.Bb2 Be7 8.Nbd2 O-O
9.Re1 Bh7 10.e4 a5 11.a3 Na6 12.Qe2 Re8 13.e5 Nd7 14.Nd4 Qb6 15.Qg4 c5 16.Ne2 Bf5
17.Qh5 Nc7 18.a4 Qa6 19.g4 Bg6 20.Qh3 b5 21.axb5 Qxb5 22.Nc3 Qb6 23.Qg3 Na6
24.Kh1 Nb4 25.Rac1 Rac8 26.f4 Bh7 27.Re2 Qb8 28.Na4 Nb6 29.Nxb6 Qxb6 30.Qf2 a4
31.f5 axb3 32.Nxb3 Nxd3 33.cxd3 Qxb3 34.Rf1 Qxd3 35.Re3 Qb5 36.f6 Bf8 37.fxg7 Bxg7
38.Bc1 Rf8 39.Rh3 f6 40.Bxh6 fxe5 41.Qe1 Rxf1+ 42.Bxf1 Qb1 43.Qxb1 Bxb1 44.Bb5 Rc7
45.Bg5 c4 46.Bd8 Rb7  0-1

[Event "Beersheba-B"]
[Site "Beersheba"]
[Date "1992.??.??"]
[Round "8"]
[White "Yudasin, Leonid"]
[Black "Kagan, Igor"]
[Result "1-0"]
[WhiteElo "2580"]
[BlackElo "2380"]

1.e4 e5 2.Nf3 Nc6 3.Bc4 Nf6 4.d3 h6 5.O-O d6 6.Bb3 g6 7.c3 Bg7 8.Re1 O-O
9.Nbd2 Nh7 10.Nf1 Kh8 11.Ng3 Qe8 12.d4 Bg4 13.d5 Ne7 14.h3 Bd7 15.c4 f5 16.Bd2 f4
17.Nf1 g5 18.N3h2 h5 19.f3 Nf6 20.Qe2 Bh6 21.Bd1 Rg8 22.Rc1 g4 23.fxg4 hxg4
24.hxg4 Nxg4 25.Rc3 Nf6 26.Qf2 Qg6 27.Bf3 Rg7 28.c5 Rag8 29.cxd6 cxd6 30.Rc7 Bb5
31.Bb4 Nc8 32.Rxg7 Qxg7 33.Rc1 Bg5 34.Qc2 Qd7 35.Qc7 Rd8 36.Qxd7 Bxd7 37.Nd2 Ne8
38.Nc4 b6 39.Ng4 Bb5 40.b3 Kg7 41.a4 Bd7 42.Nf2 Be7 43.Nd3 Nf6 44.Na3 Rf8
45.Rc7 Bd8 46.Rb7 Rf7 47.Nc4 Be7 48.Bc3 Kh6 49.Kf1 Rh7 50.Nb4 Kg5 51.Nc6 Rh1+
52.Ke2 Bf8 53.Nxa7 Nxa7 54.Rxa7 b5 55.Nd2 bxa4 56.bxa4 Rc1 57.Kd3 Be7 58.Nb3 Rb1
59.Kc2 Rf1 60.a5 Bd8 61.Nd2 Rh1 62.Nc4 Ba4+ 63.Kb2 Ne8 64.Ra8 Bf6 65.a6  1-0

[Event "Beersheba-B"]
[Site "Beersheba"]
[Date "1992.??.??"]
[Round "9"]
[White "Mikhalevski, Victor"]
[Black "Yudasin, Leonid"]
[Result "1/2-1/2"]
[WhiteElo "2370"]
[BlackElo "2580"]

1.d4 Nf6 2.c4 e6 3.Nf3 c5 4.d5 exd5 5.cxd5 d6 6.Nc3 g6 7.e4 a6 8.a4 Bg4 9.Be2 Bxf3
10.Bxf3 Bg7 11.O-O O-O 12.e5 dxe5 13.Bg5 Nbd7 14.a5 h6 15.Bh4 Rb8 16.d6 g5
17.Bg3 Ne8 18.h4 gxh4 19.Bh2 Kh8 20.Re1 f5 21.Bd5 Qf6 22.Qa4 Qxd6 23.Rad1 Qe7
24.Bb3 b5 25.axb6 Nxb6 26.Qc6 c4 27.Bc2 Rf6 28.Rxe5 Qxe5 29.Bxe5 Rxc6 30.Bxb8 Bf6
31.Bxf5 Kg7 32.Ra1 Nc8 33.Bf4 Ncd6 34.Bd7 Rb6 35.Nd5 Rxb2 36.Rxa6 Bd4 37.Bxd6 Nxd6
38.Rxd6 Rxf2 39.Nc7 Ba7 40.Ra6 Be3 41.Ne6+ Kf7 42.Nd8+ Ke7 43.Re6+ Kxd7 44.Rxe3 Rf6
45.Nb7 Kc6 46.Re7 Kd5 47.Rc7 Rc6 48.Rd7+ Ke4 49.Nd6+ Ke5 50.Nb5 c3 51.Nd4 c2
52.Nxc6+ Kf6 53.Rf7+ Kxf7 54.Ne5+ Kf6 55.Nd3 Kf5 56.Kf2 Kg4 57.Ne5+ Kf5 58.Nd3 Kg4  1/2-1/2

[Event "Beersheba-B"]
[Site "Beersheba"]
[Date "1992.??.??"]
[Round "10"]
[White "Yudasin, Leonid"]
[Black "Ofek, Ram"]
[Result "1-0"]
[WhiteElo "2580"]
[BlackElo "2305"]

1.e4 c5 2.Nf3 Nc6 3.d4 cxd4 4.Nxd4 Nf6 5.Nc3 e5 6.Ndb5 d6 7.Bg5 a6 8.Na3 b5
9.Nd5 Be7 10.Nxe7 Nxe7 11.Bd3 Bb7 12.Qf3 Ng6 13.O-O O-O 14.c4 bxc4 15.Nxc4 d5
16.exd5 Bxd5 17.Qe3 Bxc4 18.Bxc4 h6 19.Bxf6 Qxf6 20.Rfd1 Rfd8 21.Rxd8+ Rxd8
22.Re1 Rd4 23.b3 a5 24.Qc3 Qd8 25.Qf3 Rf4 26.Rd1 Qb6 27.Qe3 Qc7 28.g3 Rf6
29.Qd3 Qa7 30.Rd2 Ne7 31.Qd8+ Kh7 32.Qd7 Qc5 33.Qb5 Qa3 34.Kg2 Qc1 35.Bd3+ Ng6
36.Re2 Re6 37.Qxa5 Qa1 38.Qd5 Re7 39.h4 h5 40.Qf3 Kh6 41.Qe3+ Kh7 42.Qg5 Re6
43.Bf5 Rd6 44.Qxh5+ Kg8 45.Bxg6 fxg6 46.Qxe5 Qd1 47.h5 g5 48.Re3  1-0

[Event "Beersheba-B"]
[Site "Beersheba"]
[Date "1992.??.??"]
[Round "12"]
[White "Yudasin, Leonid"]
[Black "Lederer, Yoav"]
[Result "1-0"]
[WhiteElo "2580"]
[BlackElo "2245"]

1.e4 c5 2.Nf3 Nc6 3.d4 cxd4 4.Nxd4 Nf6 5.Nc3 d6 6.Bg5 e6 7.Qd2 Be7 8.O-O-O O-O
9.Nb3 Qb6 10.Be3 Qc7 11.f3 Rd8 12.Qf2 d5 13.exd5 Nxd5 14.Nxd5 Rxd5 15.Rxd5 exd5
16.Kb1 Bf5 17.g4 Bg6 18.Bd3 Bxd3 19.cxd3 Ne5 20.Qe2 Ng6 21.Rc1 Qe5 22.Qd2 Bd6
23.Rc2 h6 24.Nd4 Re8 25.Nf5 Bb8 26.Qc1 Qe6 27.a3 Ne7 28.Nd4 Qa6 29.Qd2 Ng6
30.f4 Qf6 31.Nf5 Qe6 32.h3 Kh7 33.Qc3 f6 34.Qd4 Ne7 35.Nxe7 Rxe7 36.Bc1 a6
37.f5 Qe5 38.Qxe5 fxe5 39.Rc8 Ba7 40.Bd2 e4 41.dxe4 dxe4 42.Bb4 Rd7 43.Re8 e3
44.Kc2 Rf7 45.Kd3 h5 46.Re7 Rxe7 47.Bxe7 hxg4 48.hxg4 Kh6 49.b4 Bb6 50.a4 a5
51.bxa5 Bxa5 52.Kxe3 Bc3 53.Ke4 Bd2 54.Bd8 Bc1 55.a5 Bd2 56.Ke5 Bg5 57.Bxg5+ Kxg5
58.Kd6  1-0

[Event "Leon"]
[Site "Leon"]
[Date "1992.??.??"]
[Round "3"]
[White "Gulko, Boris F"]
[Black "Yudasin, Leonid"]
[Result "1/2-1/2"]
[WhiteElo "2560"]
[BlackElo "2580"]

1.d4 Nf6 2.c4 e6 3.Nf3 b6 4.g3 Ba6 5.b3 d5 6.Bg2 Nbd7 7.O-O Bd6 8.Bb2 O-O
9.Nc3 Bb7 10.Qc2 a6 11.Rad1 Re8 12.Nh4 Rb8 13.e4 Nxe4 14.Nxe4 dxe4 15.Bxe4 Bxe4
16.Qxe4 b5 17.Qc2 Be7  1/2-1/2

[Event "Leon"]
[Site "Leon"]
[Date "1992.??.??"]
[Round "5"]
[White "Tukmakov, Vladimir B"]
[Black "Yudasin, Leonid"]
[Result "1/2-1/2"]
[WhiteElo "2535"]
[BlackElo "2580"]

1.d4 Nf6 2.c4 e6 3.Nf3 b6 4.g3 Ba6 5.b3 d5 6.cxd5 exd5 7.Bg2 Bd6 8.Nc3 Nbd7
9.Nh4 c6 10.a3 g6 11.O-O O-O 12.Bg5 Re8 13.Re1 Be7 14.Nf3 Ne4 15.Bxe7 Qxe7
16.Qc2 Bb7 17.Nd2 Ndf6 18.Ndxe4 dxe4 19.e3 h5  1/2-1/2